Normal view
MARC view
Entry Topical Term
001 - CONTROL NUMBER
- control field: 5124
003 - CONTROL NUMBER IDENTIFIER
- control field: OSt
005 - DATE AND TIME OF LATEST TRANSACTION
- control field: 20110605105953.0
008 - FIXED-LENGTH DATA ELEMENTS
- fixed length control field: 110605|||a|||||| | ||| d
040 ## - CATALOGING SOURCE
- Original cataloging agency: OSt
- Transcribing agency: OSt
150 ## - HEADING--TOPICAL TERM
- Topical term or geographic name as entry element: Law reports, digests, etc.
- Geographic subdivision: Uganda.
670 ## - SOURCE DATA FOUND
- Source citation: Work cat.: (OSt)2350: Kampala law reports : Cited as (1992) II KALR /, 1992-
